• 首页
  • 本馆介绍
  • 公告通知
  • 最新文献
  • 馆藏检索
  • 电子资源
  • 读者导购
  • 参考咨询
  • 我的图书馆
  • 登录
  • 详细信息显示
  • 放入我的书架
  • 预约/预借图书
  • 作者相关作品
  • 分类相关作品
  • 丛书相关作品
  • 出版社相关作品

书目信息

  • 表格格式
  • 工作单格式
  • 卡片格式
题名:
化学实验室手册
    
 
作者: 夏玉宇 主编
分册:  
出版信息: 北京   化学工业出版社  2004
页数: 869页
开本: 26cm
丛书名:
单 册:
中图分类: O6-31
科图分类:
主题词: 化学--实验室--手册 , 化学 , 实验室
电子资源:
ISBN: 7-5025-5246-4
000 00894nam0 2200253 450
001 012007026759
005 20070522164912.82
010    @a7-5025-5246-4@b精装@dCNY128.00
100    @a20070515d2004 km y0chiy0120 ea
101 0  @achi
102    @aCN@b110000
105    @ay z 000yy
106    @ar
200 1  @a化学实验室手册@Ahua xue shi yan shi shou ce@f夏玉宇主编@Fxia yu yu zhu bian
210    @a北京@c化学工业出版社@d2004
215    @a869页@d26cm
330    @a本书包括:元素和化合物的化学、物理常数与特性,化学实验室的仪器、设备、试剂,计量单位、标准方法与标准物质,溶剂及其配制,误差、有效数字与数据处理,部分物理与化学常数(数据)测定方法,分离、富集和纯化的基本方法等七章。
606 0  @a化学@x实验室@j手册
606 0  @a化学
606 0  @a实验室
690    @aO6-31@v4
701  0 @a夏玉宇@Axia yu yu@c(化学实验)@4主编
801  0 @aCN@bRULIN@c20070522
905    @dO6-31@e382@s2
    
    化学实验室手册/夏玉宇主编.-北京:化学工业出版社,2004
    869页;26cm
    
    
    ISBN 7-5025-5246-4(精装):CNY128.00
    本书包括:元素和化合物的化学、物理常数与特性,化学实验室的仪器、设备、试剂,计量单位、标准方法与标准物质,溶剂及其配制,误差、有效数字与数据处理,部分物理与化学常数(数据)测定方法,分离、富集和纯化的基本方法等七章。
●
相关链接 在E读中查询图书 在五车中查询图书 在当当中查询图书 在豆瓣中查询图书


正题名:化学实验室手册     索取号:O6-31/382         预约/预借

序号 登录号 条形码 馆藏地/架位号 状态 备注
1 0579083   205790839   第二样本阅览室/ [索取号:O6-31/382] 在馆    
2 0579084   205790848   工具书阅览室/ [索取号:O6-31/382] 在馆    
唐山师范学院图书馆 欢迎您!
大连网信软件有限公司© 版权所有